| 000 | 01296nam a2200361 i 4500 | ||
|---|---|---|---|
| 001 | 29791 | ||
| 003 | KOSZ 005 | ||
| 005 | 20200624082819.0 | ||
| 008 | s1992 pl f |000 0 pol | ||
| 040 |
_cKOSZ 005 _aKOSZ 005 _dKOSZ 005/EG |
||
| 041 | _apol | ||
| 080 | _a339 | ||
| 080 | _a811.111:811.162.1'374 | ||
| 245 | 0 | 0 |
_aKieszonkowy słownik handlowy dla biznesmenów i menadżerów : _bangielsko-polski, polsko-angielski / _coprac. i dobór terminów i zwrotów Stanisław Skory, Mirosław Jasiński. |
| 250 | _aWyd. 2 poszerz. | ||
| 260 |
_aGdańsk : _bGdańska Grupa Promocyjna, _c1992. |
||
| 300 |
_a218, [4] s. ; _c14 cm. |
||
| 336 |
_2rdacontent _aTekst _btxt |
||
| 337 |
_2rdamedia _aBez urządzenia pośredniczącego _bn |
||
| 338 |
_2rdacarrier _aWolumin _bnc |
||
| 380 | _aKsiążki | ||
| 388 | _a1901-2000 | ||
| 388 | _a1989-2000 | ||
| 650 | 7 | _aHandel | |
| 655 | 7 | _aSłownik angielsko-polski | |
| 655 | 7 | _aSłownik polsko-angielski | |
| 655 | 7 | _aSłownik terminologiczny | |
| 658 | _aJęzykoznawstwo | ||
| 700 | 1 |
_aSkory, Stanisław _eOpracowanie |
|
| 700 | 1 |
_aJasiński, Mirosław _eOpracowanie |
|
| 856 |
_uhttp://koha.tu.koszalin.pl/cgi-bin/koha/opac-detail.pl?biblionumber=29791 _yKatalog online BPK |
||
| 942 |
_cKS _2UKD |
||
| 999 |
_c29791 _d29791 |
||